000 00680cab a2200217 4500
001 WB2924-05
008 090401t1993 xxu||||| |||| 00| 0 eng d
035 _a(Sirsi) u58950
041 _aeng
245 _aHigh cost of low-price bids
260 _c1993
350 _a0
490 _aConstruction News
_v(6320) 24 June 1993, 4(1)
520 _aReports on how contractors may be underpricing themselves out of existence by bidding at below cost even though prices are rising and are likely to continue doing so.
650 _aBUILDING MATERIAL PRICES
650 _aCOSTS
650 _aTENDER PRICES
690 _aBUILT ENVIRONMENT
942 _n0
948 _c04/03/1997
999 _c36075
_d36075